00560nam a22001457a 4500003000400000082001800004100002100022245014100043260003600184300000800220650003100228942001200259952012600271999001700397SGT a617.601bI21S aSABHARWAL, RICHI aImpact of Senese Of Coherence on Oral Health Related Behaviours And Oral Health Related Quality of Life Among an Adolescent Population  aGURUGRAM bSGT UNIVERSITYc2021 a181 aPHD THESIS DENTAL SCIENCE  2ddccTH 00102ddc40718MEDICALaFMbFMcREFd2024-05-27ePHD SCHOLARo617.632 I21GpDT1575r2024-05-27 00:00:00w2024-05-27yTH c26417d26417